JACK MA FOUNDER AND CEO OF THE ALIBABA GROUP (Record no. 11199)
[ view plain ]
| 000 -LEADER | |
|---|---|
| fixed length control field | 00380nam a22000977a 4500 |
| 008 - FIXED-LENGTH DATA ELEMENTS--GENERAL INFORMATION | |
| fixed length control field | 181009b ||||| |||| 00| 0 eng d |
| 020 ## - INTERNATIONAL STANDARD BOOK NUMBER | |
| International Standard Book Number | 9789384401788 |
| 100 ## - MAIN ENTRY--PERSONAL NAME | |
| Personal name | WEI, CHEN |
| 9 (RLIN) | 6955 |
| 245 ## - TITLE STATEMENT | |
| Title | JACK MA FOUNDER AND CEO OF THE ALIBABA GROUP |
| Remainder of title | the authorized biography by his assistant. the real jack ma you may never have imagined to know |
| 260 ## - PUBLICATION, DISTRIBUTION, ETC. (IMPRINT) | |
| Place of publication, distribution, etc. | New Delhi |
| Name of publisher, distributor, etc. | Pigeon Publication |
| Date of publication, distribution, etc. | 2015 |
| Withdrawn status | Lost status | Source of classification or shelving scheme | Damaged status | Koha normalized classification for sorting | Not for loan | Home library | Current library | Shelving location | Date acquired | Total Checkouts | Full call number | Barcode | Date last seen | Price effective from | Koha item type |
|---|---|---|---|---|---|---|---|---|---|---|---|---|---|---|---|
| Dewey Decimal Classification | WEI_920_000000000000000 | Good Samaritan School Library | Good Samaritan School Library | Biography | 10/09/2018 | WEI920 | WEI15178 | 10/09/2018 | 10/09/2018 | BOOK |